Normal view
MARC view
Entry Geographic Name
001 - CONTROL NUMBER
- control field: 25666
003 - CONTROL NUMBER IDENTIFIER
- control field: dpl
005 - DATE AND TIME OF LATEST TRANSACTION
- control field: 20110128100958.0
008 - FIXED-LENGTH DATA ELEMENTS
- fixed length control field: 110128|||a|||||| | ||| d
040 ## - CATALOGING SOURCE
- Original cataloging agency: dpl
- Transcribing agency: dpl
151 ## - HEADING--GEOGRAPHIC NAME
- Geographic name: India
- General subdivision: Emigration and immigration
- General subdivision: Political aspects.
670 ## - SOURCE DATA FOUND
- Source citation: Work cat.: (dpl): Kapur, Devesh 25664 1959-, Diaspora, development, and democracy :, 2010
670 ## - SOURCE DATA FOUND
- Source citation: Work cat.: (dpl): Kapur, Devesh 25664 1959-, Diaspora, development, and democracy :, 2010
